00273nam a2200109Ia 4500008004100000041000800041082001500049100001700064245003600081260003900117365000700156240624s9999 xx 000 0 und d aeng a891.43 JOS aJOSHI SHARAD aHUM BHRASHTAN KE BHRASHT HAMARE c2010aNew DelhibBhartiya Jnanpith cRS